| 000 | 004460000a22001810004500 | ||
|---|---|---|---|
| 003 | MACL | ||
| 005 | 20150801173400.0 | ||
| 008 | 150801b xxu||||| |||| 00| 0 eng d | ||
| 040 |
_aMACL _cMACL |
||
| 041 | _aEnglish | ||
| 082 | _a361/MAL | ||
| 100 |
_aMalkani, A K _94245 |
||
| 245 | _aWelfare Of The Disabled | ||
| 260 |
_bMohit Publications _c2008 _aNew Delhi |
||
| 350 | _a995 | ||
| 650 |
_aSocial Welfare _94246 |
||
| 942 |
_cBK _k361/MAL _2ddc |
||
| 999 |
_c42555 _d42555 |
||